Statistics for People with Animal Names Quiz #2

Click here to take the quiz!

General Stats

  • This quiz has been taken 24,139 times
  • The average score is 12 of 22

Answer Stats

ClueAnswer% Correct
"Man vs. Wild"{Bear} Grylls
91%
Steve IrwinThe {Crocodile} Hunter
89%
"Transformers"Megan {Fox}
88%
SkateboarderTony {Hawk}
83%
Nursing pioneerFlorence {Nightingale}
76%
Blurrer of lines{Robin} Thicke
73%
Lance Armstrong's exSheryl {Crow}
69%
Rocky BalboaThe Italian {Stallion}
68%
Rival of Magic JohnsonLarry {Bird}
68%
Sioux chiefSitting {Bull}
67%
Vampire loverBella {Swan}
54%
"Kiss from a Rose"{Seal}
48%
Invented the revolverSamuel {Colt}
45%
Chili Peppers bassist{Flea}
42%
"Jack & Diane"John {Cougar} Mellencamp
42%
He flew in Maverick's plane{Goose}
41%
Joseph MerrickThe {Elephant} Man
36%
Children's TVCaptain {Kangaroo}
32%
Greg NormanThe {Shark}
30%
Best current baseball player?Mike {Trout}
27%
International terroristCarlos the {Jackal}
23%
"The Red Badge of Courage"Stephen {Crane}
12%

Score Distribution

Percentile by Number Answered

Percent of People with Each Score

Your Score History

You have not taken this quiz